[Event "World ol U16"]
[Site "Eindhoven"]
[Date "2023.08.17"]
[Round "8.7"]
[White "Pichon, Ewen"]
[Black "Aswath, S."]
[Result "1/2-1/2"]
[WhiteElo "2231"]
[BlackElo "2335"]
[PlyCount "168"]
[EventDate "2023.08.13"]
[EventType "team-swiss"]
[EventRounds "9"]
[EventCountry "NED"]
[SourceTitle "CBM 215 Extra"]
[Source "ChessBase"]
[SourceDate "2023.09.30"]
[SourceVersion "1"]
[SourceVersionDate "2023.09.30"]
[SourceQuality "1"]
[WhiteTeam "France"]
[BlackTeam "India"]
[WhiteTeamCountry "FRA"]
[BlackTeamCountry "IND"]

1. d4 d5 2. c4 e6 3. Nc3 Nf6 4. cxd5 exd5 5. Bg5 Nbd7 6. e3 c6 7. Bd3 Be7 8. h3 0-0 9. Qc2 Re8 10. Nf3 Nf8 11. 0-0 Ne4 12. Bf4 Nd6 13. b4 a6 14. a4 Be6 15. b5 cxb5 16. axb5 a5 17. Rfc1 f6 18. Qa2 Nf7 19. Na4 Bd6 20. Bxd6 Nxd6 21. Qa3 Bf7 22. Nd2 Ng6 23. Qc5 f5 24. Nb6 Rb8 25. Qc7 f4 26. Qxd8 Rbxd8 27. Nf1 fxe3 28. fxe3 Nh4 29. Rxa5 Nhf5 30. Ra3 Re7 31. Rc5 Ne4 32. Bxe4 Rxe4 33. Kf2 h5 34. Ra8 Rxa8 35. Nxa8 Nd6 36. Nc7 Re7 37. Nd2 Nf5 38. Nxd5 Bxd5 39. Rxd5 Nxe3 40. Rxh5 Nd1+ 41. Kf1 Ne3+ 42. Kg1 Rd7 43. Nf3 Nc2 44. Rc5 Na3 45. Kf2 b6 46. Re5 Rd6 47. Ke2 Nc4 48. Rg5 Kh7 49. Kd3 Nb2+ 50. Ke4 Nd1 51. Kd3 Nb2+ 52. Kc2 Nc4 53. Kc3 Ne3 54. Kd3 Nd5 55. Nd2 Nf4+ 56. Ke4 Ne2 57. Nf3 Nc3+ 58. Kd3 Nd1 59. Re5 Nb2+ 60. Kc3 Nd1+ 61. Kc2 Nf2 62. Re2 Nh1 63. Re6 Rxe6 64. Ng5+ Kg6 65. Nxe6 Kf5 66. Nxg7+ Ke4 67. Kc3 Ng3 68. Kc4 Nf1 69. h4 Ne3+ 70. Kc3 Nd5+ 71. Kc4 Ne3+ 72. Kc3 Nd5+ 73. Kd2 Kxd4 74. h5 Ke5 75. Ne8 Kf5 76. g3 Kg5 77. Kd3 Kxh5 78. Kd4 Nb4 79. Nf6+ Kg5 80. Nd7 Nc2+ 81. Kc3 Na3 82. Kb4 Nxb5 83. Kxb5 Kg4 84. Nxb6 Kxg3 1/2-1/2

[Event "World ol U16"]
[Site "Eindhoven"]
[Date "2023.08.16"]
[Round "6.14"]
[White "Huang, Youhe"]
[Black "Pichon, Ewen"]
[Result "1-0"]
[WhiteElo "2083"]
[BlackElo "2231"]
[PlyCount "111"]
[EventDate "2023.08.13"]
[EventType "team-swiss"]
[EventRounds "9"]
[EventCountry "NED"]
[SourceTitle "CBM 215 Extra"]
[Source "ChessBase"]
[SourceDate "2023.09.30"]
[SourceVersion "1"]
[SourceVersionDate "2023.09.30"]
[SourceQuality "1"]
[WhiteTeam "Canada II"]
[BlackTeam "France"]
[WhiteTeamCountry "CAN"]
[BlackTeamCountry "FRA"]

1. e4 c5 2. Nc3 e6 3. Nf3 Nc6 4. d4 cxd4 5. Nxd4 Nf6 6. Bf4 Bb4 7. Ndb5 e5 8. Bg5 a6 9. Nd6+ Ke7 10. Bxf6+ gxf6 11. Nf5+ Ke8 12. Qd5 d6 13. Bc4 Qc7 14. 0-0 Bxf5 15. exf5 Bxc3 16. bxc3 Rf8 17. Rfd1 Ke7 18. Rab1 Rac8 19. Rb6 Rb8 20. Bxa6 Rfc8 21. Bc4 Kf8 22. Bb3 Rd8 23. Rb5 Ra8 24. Rd3 Ra5 25. a4 Rda8 26. h4 Rd8 27. Qf3 Rxb5 28. axb5 Na5 29. Bd5 e4 30. Qxe4 Re8 31. Qf4 Re5 32. Qh6+ Ke7 33. Qg7 Rxd5 34. Rxd5 Qxc3 35. Qg3 Qe1+ 36. Kh2 Nc4 37. Rd4 Qe2 38. Qf4 Ne5 39. c4 h5 40. Kg3 Qc2 41. Qe4 Qc3+ 42. f3 b6 43. Kh2 Kf8 44. Rxd6 Kg7 45. Rxb6 Nd3 46. Rb7 Nc5 47. Rxf7+ Kxf7 48. Qd5+ Kg7 49. Qxc5 Qd2 50. Qe7+ Kg8 51. Qe8+ Kg7 52. Qg6+ Kh8 53. Qxf6+ Kh7 54. Qg6+ Kh8 55. Qxh5+ Kg7 56. Qg5+ 1-0

[Event "Agneaux St Lo op"]
[Site "Agneaux"]
[Date "2022.07.15"]
[Round "8"]
[White "Harutyunyan, Safar"]
[Black "Pichon, Ewen"]
[Result "1-0"]
[WhiteElo "2220"]
[BlackElo "2040"]
[PlyCount "111"]
[EventDate "2022.07.09"]
[EventType "swiss"]
[EventRounds "9"]
[EventCountry "FRA"]
[SourceTitle "EXT 2023"]
[Source "ChessBase"]
[SourceDate "2022.10.05"]
[SourceVersion "1"]
[SourceVersionDate "2022.10.05"]
[SourceQuality "1"]

1. e4 e5 2. Nf3 Nf6 3. Nxe5 d6 4. Nf3 Nxe4 5. Nc3 Nxc3 6. dxc3 Be7 7. Be3 Be6 8. Qd2 Nd7 9. Nd4 Nb6 10. Nxe6 fxe6 11. c4 Bf6 12. c3 Qd7 13. Bd3 Qc6 14. 0-0 0-0 15. Qe2 Qe8 16. Bxb6 axb6 17. Qe4 g6 18. Qxb7 Qd7 19. a3 d5 20. cxd5 exd5 21. a4 Qd6 22. Bb5 Rab8 23. Qc6 Qxc6 24. Bxc6 Rbd8 25. Rad1 d4 26. c4 Be7 27. Rd3 Rf6 28. Bd5+ Kf8 29. Re1 c6 30. Bf3 Bb4 31. Re4 c5 32. g3 Re8 33. Kg2 Rxe4 34. Bxe4 Re6 35. f3 Kg7 36. g4 g5 37. Rd1 h6 38. h4 Ba5 39. hxg5 hxg5 40. Rh1 Rh6 41. Rh5 Rxh5 42. gxh5 Kh6 43. Bg6 d3 44. Bxd3 Kxh5 45. Bf5 Kh4 46. Bg4 Bb4 47. Kf2 Bd2 48. Ke2 Bb4 49. Ke3 Ba5 50. Ke4 Bb4 51. Kd5 Kg3 52. Kc6 Ba5 53. Kb5 Kf4 54. Bh5 Kf5 55. Bf7 Kf6 56. Bg8 1-0

[Event "FRA-ch Blitz Online Qual"]
[Site "Europe Echecs INT"]
[Date "2020.05.16"]
[Round "13"]
[White "Lucas, Arthur"]
[Black "Pichon, Ewen"]
[Result "0-1"]
[WhiteElo "2283"]
[BlackElo "1821"]
[PlyCount "152"]
[EventDate "2020.05.16"]
[EventType "swiss (blitz)"]
[EventRounds "15"]
[EventCountry "FRA"]
[SourceTitle "CBM 196 Extra"]
[Source "ChessBase"]
[SourceDate "2020.07.31"]
[SourceVersion "1"]
[SourceVersionDate "2020.07.31"]
[SourceQuality "1"]

1. e4 e5 2. Nf3 Nc6 3. d4 exd4 4. Nxd4 Bc5 5. Nb3 Bb6 6. Nc3 Nf6 7. Qe2 d6 8. Be3 Be6 9. 0-0-0 Qe7 10. g3 0-0-0 11. Bxb6 axb6 12. Bg2 Bxb3 13. axb3 Rhe8 14. Rhe1 h6 15. Qc4 Kb8 16. b4 Qe6 17. Qb5 Na7 18. Qa4 d5 19. e5 Ne4 20. Nxe4 dxe4 21. Rxd8+ Rxd8 22. Rxe4 Qd5 23. Kb1 Qd2 24. Rf4 Qe1+ 25. Ka2 b5 26. Qb3 Nc6 27. Bxc6 bxc6 28. Qc3 Qxc3 29. bxc3 Rd7 30. Kb3 Kb7 31. c4 Re7 32. Re4 Kc8 33. f4 Kd7 34. cxb5 cxb5 35. c4 Kc6 36. cxb5+ Kxb5 37. Rc4 c6 38. Rc5+ Kb6 39. Rc2 Rd7 40. Kc4 Rd1 41. Rb2 Rc1+ 42. Kd4 Kb5 43. f5 Rd1+ 44. Ke4 Re1+ 45. Kf4 Rf1+ 46. Kg4 Re1 47. f6 g6 48. e6 Rxe6 49. Kf4 Rxf6+ 50. Ke5 Re6+ 51. Kd4 f5 52. Kc3 Re3+ 53. Kd4 Re4+ 54. Kd3 Rxb4 55. Ra2 h5 56. Ra8 Rg4 57. Rg8 Kc5 58. Ke3 Re4+ 59. Kf3 Re6 60. Kf4 Kc4 61. h4 c5 62. Kg5 Kc3 63. Rxg6 Rxg6+ 64. Kxg6 Kd3 65. Kxh5 c4 66. Kg6 c3 67. h5 c2 68. h6 c1Q 69. h7 Qc6+ 70. Kg7 Qd7+ 71. Kg6 Qe6+ 72. Kg5 Qe7+ 73. Kg6 Qe8+ 74. Kg7 Qe5+ 75. Kf7 Qh8 76. Kg6 Ke4 0-1

[Event "FRA-ch Blitz Online Qual"]
[Site "Europe Echecs INT"]
[Date "2020.05.16"]
[Round "14"]
[White "Pichon, Ewen"]
[Black "Loiseau, Quentin"]
[Result "0-1"]
[WhiteElo "1821"]
[BlackElo "2457"]
[PlyCount "60"]
[EventDate "2020.05.16"]
[EventType "swiss (blitz)"]
[EventRounds "15"]
[EventCountry "FRA"]
[SourceTitle "CBM 196 Extra"]
[Source "ChessBase"]
[SourceDate "2020.07.31"]
[SourceVersion "1"]
[SourceVersionDate "2020.07.31"]
[SourceQuality "1"]

1. d4 Nf6 2. c4 g6 3. Nc3 Bg7 4. e4 0-0 5. f4 d6 6. Nf3 c5 7. d5 e6 8. Be2 exd5 9. cxd5 Bg4 10. 0-0 Na6 11. h3 Bxf3 12. Bxf3 Nd7 13. Re1 Re8 14. Bd2 c4 15. Kh1 Nac5 16. Nb5 Qb6 17. Na3 Qa6 18. Qc2 b5 19. Rab1 Nd3 20. Re2 N7c5 21. Bc3 Bxc3 22. Qxc3 b4 23. Qxc4 bxa3 24. Qxa6 Nxa6 25. bxa3 Nxf4 26. Reb2 Nc5 27. Rb4 Nfd3 28. Rd4 Nf2+ 29. Kg1 Nfxe4 30. Rdb4 Nd2 0-1

[Event "Agneaux St Lo U16 op 21th"]
[Site "Agneaux"]
[Date "2019.07.09"]
[Round "5.4"]
[White "Ribera Veganzones, Serni"]
[Black "Pichon, Ewen"]
[Result "1-0"]
[WhiteElo "1694"]
[BlackElo "1622"]
[PlyCount "45"]
[EventDate "2019.07.06"]
[EventType "swiss"]
[EventRounds "9"]
[EventCountry "FRA"]
[SourceTitle "EXT 2020"]
[Source "ChessBase"]
[SourceDate "2019.10.17"]
[SourceVersion "1"]
[SourceVersionDate "2019.10.17"]
[SourceQuality "1"]

1. e4 d5 2. exd5 Nf6 3. Bb5+ Bd7 4. Bc4 Bg4 5. f3 Bf5 6. Nc3 a6 7. a4 Nbd7 8. a5 Ne5 9. Bb3 h5 10. d4 Ng6 11. Be3 Qd6 12. Qd2 0-0-0 13. Nge2 e6 14. Ng3 Nh4 15. Nce4 Bxe4 16. fxe4 Qb4 17. 0-0 Ng4 18. Qxb4 Bxb4 19. Bg5 f6 20. Bxh4 g5 21. Bxg5 fxg5 22. c3 h4 23. Ne2 1-0